banner-ar

ADVANCED MATERIALS FOR SPORTS EQUIPMENT: HOW ADVANCED MATERIALS HELP OPTIMUM SPORTIVE PERFORMANCE AND MAKE SPORT SAFER (Record no. 16689)

MARC details
000 -الفاتح
حقل البيانات ثابتة الطول 00547nam a2200181Ia 4500
008 - عناصر البيانات ثابتة الطول - معلومات عامة
حقل البيانات ثابتة الطول 140319s9999 xx 000 0 eng d
040 ## - مصدر الفهرسة
وكالة الفهرسة الأصلية GCL /
وكالة النسخ GCL
082 04 - رقم تصنيف ديوى العشرى
رقم التصنيف 688.76
رقم المادة E A
245 10 - بيان العنوان
العنوان ADVANCED MATERIALS FOR SPORTS EQUIPMENT: HOW ADVANCED MATERIALS HELP OPTIMUM SPORTIVE PERFORMANCE AND MAKE SPORT SAFER
260 ## - PUBLICATION, DISTRIBUTION, ETC. (IMPRINT)
تاريخ النشر أو التوزيع 1993
300 ## - الوصف المادى
التعداد 127 P
650 04 - المدخل الاضافى بالموضوع-مصطلح موضوعى
مصطلح موضوعي SPORT - EQUIPMENTS
650 04 - المدخل الاضافى بالموضوع-مصطلح موضوعى
مصطلح موضوعي SPORTS
650 04 - المدخل الاضافى بالموضوع-مصطلح موضوعى
مصطلح موضوعي SPORT SCIENCE
650 04 - المدخل الاضافى بالموضوع-مصطلح موضوعى
مصطلح موضوعي SPORTS AND GAMES
942 ## - عناصر المدخل الإضافي( كوها)
مصدر التصنيف او مخطط الترفيف Dewey Decimal Classification
Koha [default] item type كتاب
260 ## - PUBLICATION, DISTRIBUTION, ETC. (IMPRINT)
-- [S.N] :
-- MACMILLAN PUBLISHING COMPANY ،
Holdings
حالة التراجع حالة الفقد حالة تلف ليس للاعارة المكان المؤقت الموقع الحالى تاريخ الاكتساب اجمالي اﻻعارات رقم الطلب الباركود تاريخ اخر مشاهدة تاريخ تفعيل السعر نوع وعاء كوها
        مكتبة القاهرة الكبرى مكتبة القاهرة الكبرى 03/26/2014   688.76\E A 30206 03/26/2014 03/26/2014 كتاب

Powered By

EGPV